000 00585nam a2200193 4500
001 125938
003 ES-MaACL
005 20230906192726.0
007 t|
008 070214s1958 sp r ||||1| spa d
100 1 _aRégnier, Georges.
_995906
245 1 0 _aCómo construir un film 8, 9, 5, 16 mm
_b: del escenario a la proyección /
_cGeorges Régnier.
260 _aBarcelona :
_bOmega,
_c1958.
300 _a213 p., 3 lám :
_bil. ;
_c22 cm.
490 1 _aFoto biblioteca
830 0 _aFoto biblioteca
_9181378
852 _aES-MaACL
_jC-15817
_bR.43260
999 _c125938
_d125938